Οικονομικά μαθηματικά
Saved in:
| Main Author: | |
|---|---|
| Format: | Book |
| Language: | Greek |
| Published: |
Πειραιάς :
Σταμούλης,
1989.
|
| Subjects: | |
| Tags: |
Add Tag
No Tags, Be the first to tag this record!
|
MARC
| LEADER | 00000cam a2200000 i 4500 | ||
|---|---|---|---|
| 001 | 1/36634 | ||
| 008 | 960923s1989 gr | ||| |||| ||gre|| | ||
| 035 | |l 10024523 | ||
| 040 | |a GR-MyUA |b gre |e AACR2 | ||
| 041 | 0 | |a gre | |
| 082 | 0 | |a 330.0151 |2 (22) | |
| 100 | 1 | |a Αλεξανδρής, Νίκος. | |
| 245 | 1 | 0 | |a Οικονομικά μαθηματικά / |c Νίκος Αλεξανδρής. |
| 260 | |a Πειραιάς : |b Σταμούλης, |c 1989. | ||
| 300 | |a 272 σ. ; |c 24 εκ. | ||
| 650 | 0 | 0 | |a Economics, Mathematical. |
| 852 | |a INST |b CHIOS |e 19960923 |h 510.2433 ΑΛΕ |p 005200011641 |q 005200011641 |t BK |y 0 | ||
| 852 | |a INST |b SAMOS |c EUDOXUS |e 20131023 |h 330.0151 ΑΛΕ |p 005300040720 |q 005300040720 |t EDX |y 0 | ||
| 852 | |a INST |b SAMOS |c EUDOXUS |e 20131023 |h 330.0151 ΑΛΕ |p 005300040721 |q 005300040721 |t EDX |y 0 | ||
| 901 | |a BIBL3-2013-3 | ||
| 909 | |a Σ |b 178902 | ||
| 909 | |a Σ |b 178903 | ||
| 909 | |a Χ |b 045371 | ||
| 920 | |a ΕΥΔΟΞΟΣ |b ΠΑΡΑΓΓΕΛΙΑ-ΤΣΑΧΜ |y Σάμος |z 2013-05 | ||